| 000 | 00721nam a2200205Ia 4500 | ||
|---|---|---|---|
| 003 | OSt | ||
| 005 | 20140321143123.0 | ||
| 008 | 140130s9999 xx 000 0 und d | ||
| 020 | _a0439404177 | ||
| 050 |
_aLB 1181 _b.L86 2004 |
||
| 100 | _aLunsford, Susan | ||
| 245 |
_cSusan Lunsford _aTeaching with favorite Read-Alouds in kindergarten : _b50 must-have books with lessons and activities that build skills in vocabulary, comprehension, and more / |
||
| 260 |
_bScholastic, _c2004. _aU.S.A : |
||
| 300 |
_a95 p. : _bill. ; _c27 cm. |
||
| 440 | _v1 | ||
| 650 |
_aLanguage arts (Kindergarten) _vUnited States. |
||
| 650 |
_aEducation, Preschool _vUnited States. _xActivity programs |
||
| 942 |
_cBK _2lcc |
||
| 999 |
_c41866 _d41866 |
||